Chèo cổ truyền làng Thất Gian

Sparad:
Bibliografiska uppgifter
Huvudupphovsman: Trần Quốc Thịnh
Materialtyp: Bok
Publicerad: H. Văn hóa thông tin 2014
Taggar: Lägg till en tagg
Inga taggar, Lägg till första taggen!
Thư viện lưu trữ: Mạng thư viện Đại học Đà Nẵng
LEADER 00862nam a2200241 4500
001 000020903
003 17350
005 20150812150814.0
008 150330s2014 sd
100 1 |a Trần Quốc Thịnh 
245 1 0 |a Chèo cổ truyền làng Thất Gian  |c Trần Quốc Thịnh 
260 |a H.  |b Văn hóa thông tin  |c 2014 
300 |c 21 cm. 
774 |a Trần Quốc Thịnh  |d Văn hoá Thông tin  |d H.  |d 2014  |g Q.1  |h 558 tr.  |n ĐTTS ghi: Hội Văn nghệ dân gian Việt Nam  |w 17351 
774 |a Trần Quốc Thịnh  |d Văn hoá Thông tin  |d H.  |d 2014  |g Q.1  |h 711 tr.  |n ĐTTS ghi: Hội Văn nghệ dân gian Việt Nam  |w 17352 
OWN |a LSP 
999 |a From the UDN01 
TYP |a Monograph 
TYP |a Printed language 
980 |a Mạng thư viện Đại học Đà Nẵng